000 01197nam a2200373 i 4500
001 24719
003 KOSZ 005
005 20210917085715.0
008 980702s1996 pl a |000 0 pol
015 _aPB 1996/7770
020 _a8320809312
035 _a(OCoLC)750812129
040 _aWA N
_cWA N
_dKOSZ 005/HR
046 _k1996
080 _a005.2
080 _a658.1/.5
100 1 _aObłój, Krzysztof
_d(1954- )
_eAutor
245 1 0 _aStrategia sukcesu firmy /
_cKrzysztof Obłój.
260 _aWarszawa :
_bPolskie Wydaw. Ekonomiczne,
_c1996.
300 _a169, [3] s. :
_brys., wykr. ;
_c21 cm.
336 _2rdacontent
_aTekst
_btxt
337 _2rdamedia
_aBez urządzenia pośredniczącego
_bnc
338 _2rdacarrier
_aWolumin
_bn
380 _aKsiążki.
388 _a1901-2000
388 _a1989-2000
658 _aZarządzanie i marketing
650 4 _aPrzedsiębiorstwo
650 4 _aOrganizacja
650 4 _aZarządzanie strategiczne
710 2 _aPolskie Wydawnictwo Ekonomiczne
_4pbl.
856 _uhttp://koha.tu.koszalin.pl/cgi-bin/koha/opac-detail.pl?biblionumber=24719
_yKatalog online BPK
942 _2UKD
_cKS
999 _c24719
_d24719